| 000 -LEADER |
| fixed length control field |
00756nam a22002297a 4500 |
| 005 - DATE AND TIME OF LATEST TRANSACTION |
| control field |
20260127114440.0 |
| 008 - FIXED-LENGTH DATA ELEMENTS--GENERAL INFORMATION |
| fixed length control field |
260127b ||||| |||| 00| 0 eng d |
| 020 ## - INTERNATIONAL STANDARD BOOK NUMBER |
| International Standard Book Number |
9780008649081 |
| 040 ## - CATALOGING SOURCE |
| Transcribing agency |
KH8 |
| 082 ## - DEWEY DECIMAL CLASSIFICATION NUMBER |
| Classification number |
823.92 |
| 100 ## - MAIN ENTRY--PERSONAL NAME |
| Personal name |
WALLIAMS,DAVID |
| Relator term |
AUTHOR |
| 245 ## - TITLE STATEMENT |
| Title |
SANTA & SON |
| 260 ## - PUBLICATION, DISTRIBUTION, ETC. |
| Place of publication, distribution, etc. |
Macken House,39/40 Mayor Street Upper,Dublin 1,D01 C9W8,Ireland |
| Name of publisher, distributor, etc. |
HarperCollinsPublishers |
| Date of publication, distribution, etc. |
2025 |
| 300 ## - PHYSICAL DESCRIPTION |
| Extent |
285 pages |
| Other physical details |
Colour illustration |
| Dimensions |
13 cm x 21 cm |
| 520 ## - SUMMARY, ETC. |
| Summary, etc. |
It's the night of Christmas Eve. In the most famous toy shop in the world, a robbery is underway. -Publisher-<br/> |
| 650 ## - SUBJECT ADDED ENTRY--TOPICAL TERM |
| Topical term or geographic name entry element |
Juvenile Fiction |
| Form subdivision |
Christmas |
| 655 ## - INDEX TERM--GENRE/FORM |
| Genre/form data or focus term |
Humour |
| 655 ## - INDEX TERM--GENRE/FORM |
| Genre/form data or focus term |
Action |
| 655 ## - INDEX TERM--GENRE/FORM |
| Genre/form data or focus term |
Festive |
| 700 ## - ADDED ENTRY--PERSONAL NAME |
| Personal name |
Stower,Adam |
| Relator term |
iLLUSTRATOR |
| 942 ## - ADDED ENTRY ELEMENTS (KOHA) |
| Source of classification or shelving scheme |
|
| Koha item type |
Books - Fiction |